Online
Catalog

Manual de funciones y procedimientos para el uso de los recurso del Estado en el Ejército Nacional. / (Record no. 52396)

MARC details
000 -CABECERA
campo de control de longitud fija 01435nam a2200277 a 4500
003 - IDENTIFICADOR DEL NÚMERO DE CONTROL
campo de control DO-SdBNP
005 - FECHA Y HORA DE LA ÚLTIMA TRANSACCIÓN
campo de control 20220916094138.0
007 - CAMPO FIJO DE DESCRIPCIÓN FÍSICA--INFORMACIÓN GENERAL
campo de control de longitud fija ta
008 - DATOS DE LONGITUD FIJA--INFORMACIÓN GENERAL
campo de control de longitud fija 220914e1997 dr ad||frf|||s001 0 spa d
040 ## - FUENTE DE LA CATALOGACIÓN
Centro catalogador/agencia de origen DO-SdBNP
Lengua de catalogación spa
Centro/agencia transcriptor BNPHU
082 #4 - NÚMERO DE LA CLASIFICACIÓN DECIMAL DEWEY
Número de edición 22
Número de documento/Ítem R426m
110 1# - ENTRADA PRINCIPAL--NOMBRE DE ENTIDAD CORPORATIVA
9 (RLIN) 58697
Nombre de entidad corporativa o nombre de jurisdicción como elemento de entrada República Dominicana.
Unidad subordinada Ejercito Nacional
245 10 - MENCIÓN DE TÍTULO
Título Manual de funciones y procedimientos para el uso de los recurso del Estado en el Ejército Nacional. /
Mención de responsabilidad, etc. Presentación, Andrés R. Apolina Disla
300 ## - DESCRIPCIÓN FÍSICA
Extensión 196 p. :
Otras características físicas il., gráf. :
Dimensiones 27 cm.
490 ## - MENCIÓN DE SERIE
Mención de serie Colección de Publicaciones de la Jefatura de Estado Mayor del Ejército Nacional.
500 ## - NOTA GENERAL
Nota general La Biblioteca posee el v. 7
505 ## - NOTA DE CONTENIDO CON FORMATO
Nota de contenido con formato v. VII.
Información miscelánea Segunda Parte.
Título Breve Comentarios sobre términos presupuestarios.--
Información miscelánea Tercera Parte.
Título Manejo de los recursos del Estado en el Ejército Nacional.--
Información miscelánea Cuarta parte.
Título Funciones de los Departamentos de Asesoría y servicios de Apoyo a los Comandos.--
Información miscelánea Quinta parte.
Título Funciones de los Departamentos Operativos.--
-- Apéndice.
590 ## - NOTA LOCAL (RLIN)
Nota local Inventariado 2022 / MF
650 #4 - PUNTO DE ACCESO ADICIONAL DE MATERIA--TÉRMINO DE MATERIA
9 (RLIN) 14305
Término de materia o nombre geográfico como elemento de entrada Ejército Nacional
Subdivisión general Manuales
Subdivisión geográfica República Dominicana
650 #4 - PUNTO DE ACCESO ADICIONAL DE MATERIA--TÉRMINO DE MATERIA
9 (RLIN) 8439
Término de materia o nombre geográfico como elemento de entrada Procedimiento Administrativo
Subdivisión geográfica República Dominicana
650 #4 - PUNTO DE ACCESO ADICIONAL DE MATERIA--TÉRMINO DE MATERIA
9 (RLIN) 17764
Término de materia o nombre geográfico como elemento de entrada Función Pública
Subdivisión geográfica República Dominicana
651 #4 - PUNTO DE ACCESO ADICIONAL DE MATERIA--NOMBRE GEOGRÁFICO
9 (RLIN) 45841
Nombre geográfico República Dominicana
Subdivisión de forma Manuales
Subdivisión general Ejército Nacional
700 #2 - PUNTO DE ACCESO ADICIONAL--NOMBRE DE PERSONA
Nombre de persona Apolinar Disla, Andrés R.
Término indicativo de función/relación present.
9 (RLIN) 82362
910 ## - DATOS DE OPCIÓN DEL USUARIO (OCLC)
Datos de opción del usuario MFeliz
942 ## - ELEMENTOS DE PUNTO DE ACCESO ADICIONAL (KOHA)
Fuente del sistema de clasificación o colocación Dewey Decimal Classification
Tipo de ítem Koha Libro
Holdings
Estado de retiro Estado de pérdida Fuente del sistema de clasificación o colocación Restricciones de uso No para préstamo Código de colección Localización permanente Ubicación/localización actual Ubicación en estantería Fecha de adquisición Fuente de adquisición Total de préstamos Signatura topográfica completa Código de barras Fecha visto por última vez Precio válido a partir de Tipo de ítem Koha
    Dewey Decimal Classification Excluido de préstamo   Patrimonio Dominicano Biblioteca Nacional Pedro Henríquez Ureña Biblioteca Nacional Pedro Henríquez Ureña En catalogación 14.07.2018 Donado por CERTV   R426m 2022-3941 14.09.2022 14.09.2022 Libro

Powered by Koha